Clubs de football à Londres (2025-2026) - Statistiques

Statistiques générales
  • Ce quiz a été pris 638 fois
    217 depuis la dernière actualisation
  • Le résultat moyen est 6 sur 14
Statistiques - réponses
Réponse % Correct
Premier League Arsenal
99%
Premier League Chelsea
97%
Premier League Tottenham
88%
Premier League West Ham United
73%
Premier League Fulham
66%
Premier League Crystal Palace
65%
Premier League Brentford
54%
Championship Queens Park Rangers
30%
League One AFC Wimbledon
19%
Championship Millwall
18%
Championship Charlton Ahtletic
13%
League One Leyton Orient
7%
League Two Barnet
3%
League Two Bromley
2%
Aucun quiz correspondant
Distribution des résultats
% des personnes avec chaque résultat
Percentile par nombre de réponses
Votre historique - résultats
Vous n’avez pas pris ce quiz depuis la dernière actualisation